|
ห้องสมุด วิทยาลัยพยาบาลบรมราชชนนี อุดรธานี
Boromarajonani College of Nursing, Udonthani
|


|
mysqli: Table './ulib2015/stat_globaluid' is marked as crashed and last (automatic?) repair failed
select id from stat_globaluid where statuid='20260419111348_2922'
mysqli: Table './ulib2015/stat_globaluid' is marked as crashed and last (automatic?) repair failed
DELETE FROM stat_globaluid
WHERE id NOT IN (
SELECT id
FROM (
SELECT id
FROM stat_globaluid
ORDER BY id DESC
LIMIT 100
) foo
);
mysqli: Table './ulib2015/stat_globaluid' is marked as crashed and last (automatic?) repair failed
insert into stat_globaluid set
statuid='20260419111348_2922',
dt='1776572028',
phpself='/ULIB/dublinfull.php',
agent='Mozilla/5.0 AppleWebKit/537.36 (KHTML, like Gecko; compatible; ClaudeBot/1.0; +claudebot@anthropic.com)',
yea='2026',
mon='4',
dat='19',
ip='216.73.216.142'
| LEADER 00674nam 2200229 a 4500 |
| 001 10668 |
| 003 ULIBM |
| 008 060611s2532 th m a001 0 tha d |
| 050 4 ^aL^bอ825ก 2532
|
| 245 ^a ^a1111 |
| 250 ^aพิมพ์ครั้งที่ 2.
|
| 300 ^a 83 หน้า.
|
| 650 7 ^aการสุ่มตัวอย่าง
|
| 945 ^p0^l0^i4691
|
| 945 ^p0^l0^i16749
|
| 945 ^p0^l0^i16750
|
| 945 ^p0^l0^i16751
|
| 945 ^p0^l0^i16752 |
| 999 ^aลิขิตลักษณ์
|
| คุณยังไม่ได้ล็อกอิน คุณสามารถมีกิจกรรมร่วมกับเว็บไซต์ได้ แต่ต้องล็อกอินก่อน :: |
|
| ลำดับที่ |
ประเภท |
เลขเรียก/บาร์โค้ด |
สถานที่ |
สถานะ |
| 1. |
 หนังสือภาษาไทย | L อ825ก 2532 Barcode: 4691 | หนังสือทั่วไป | On Shelf |
| 2. |
 หนังสือภาษาไทย | L อ825ก 2532 ฉ.2 Barcode: 16749 | หนังสือทั่วไป | On Shelf |
| 3. |
 หนังสือภาษาไทย | L อ825ก 2532 ฉ.3 Barcode: 16750 | หนังสือทั่วไป | On Shelf |
| 4. |
 หนังสือภาษาไทย | L อ825ก 2532 ฉ.4 Barcode: 16751 | หนังสือทั่วไป | On Shelf |
| 5. |
 หนังสือภาษาไทย | L อ825ก 2532 ฉ.5 Barcode: 16752 | หนังสือทั่วไป | On Shelf |
| [แสดง 5/5 รายการ] |
mysqli: Can't create/write to file '/var/tmp/#sql_59d_0.MAI' (Errcode: 2)
select * from index_db where titl like '%การสุ่มตัวอย่างทางการศึกษา/ อุทุมพร (ทองอุไทย) จามรมาน%' and mid<>'10668' order by rand() limit 3
mysqli: Can't create/write to file '/var/tmp/#sql_59d_0.MAI' (Errcode: 2)
select * from index_db where subj like '%การสุ่มตัวอย่าง%' and mid<>'10668' order by rand() limit 3
|
ยังไม่เคยถูกคอมเมนท์
|
| คอมเมนท์ทรัพยากรรายการนี้ |
|